00611 2200205 4500001002100000005001500021035002500036040001200061041000800073082001000081084001400091090001600105245009600121260004100217300003600258650001400294008004100308504003800349990001800387INLIS00000000003000420180524091936 a0010-081700000000210 aYOPDYOG0 adut a152.4 a152.4 ANG aL 152.4 Ang aAngst en crisis der moraal :b: vier voordrachten met discussie /c/ J.H. Plokker...[et.al] aS-Gravenhage :bH.P. Leopolds,c1949 a150 hlm. :b: ilus. ;c; 19 cm. aKetakutan180524 g 0 dut  aJ.H Plokker, Prof Dr. S. Dreseden a56533-PD/A.17